Women Don Draper Has Don Drapered Quiz Stats

 Plays Quiz Updated Apr 3, 2020

Support Sporcle.
Go Orange.
Score 0/15 Timer 05:00
0 Plays Today
% Correct
Betty Draper
97.4%
Megan Calvet
79.1%
Rachel Menken
50.5%
Midge Daniels
47.3%
Bobbie Barrett
44.6%
Dr. Faye Miller
42.1%
Allison
34.5%
Sylvia Rosen
30.4%
% Correct
Suzanne Farrell
23.3%
Joy
18.5%
Bethany Van Nuys
16%
Candace
12.7%
Doris
11.9%
Shelly
11.6%
Cake mixes and toppings
3.3%

You're not logged in!

Compare scores with friends on all Sporcle quizzes.
OR
Log In

From the Vault

NFL Team Leaders (All Time)

by Ben

It is easier to make this list of you play for an expansion team...unfortunately it is a lot harder to stay there.
Remove Ads.
Support Sporcle.
Get the best of Sporcle when you Go Orange. This ad-free experience offers more features, more stats, and more fun while also helping to support Sporcle. Thank you for becoming a member.

Show Comments

Extras

Top Quizzes Today


Score Distribution

Your Account Isn't Verified!

In order to create a playlist on Sporcle, you need to verify the email address you used during registration. Go to your Sporcle Settings to finish the process.

Report this User

Report this user for behavior that violates our Community Guidelines.

Details: